[Event "1st FIDE OWCCCC Pools-East 2021"]
[Site "Online"]
[Date "2021.02.19"]
[Round "2.31"]
[White "Kiriakhno, Sergii"]
[Black "Saim, Mohamed Ilias"]
[Result "0-1"]
[WhiteElo "1380"]
[BlackElo "2171"]
[Annotator "NA"]
[PlyCount "122"]
[EventDate "2021.02.19"]
[EventType "team-tourn"]
[EventCountry "NET"]
[SourceTitle "playchess.com"]
[Source "ChessBase"]
[SourceQuality "1"]

1. d4 Nf6 2. c4 g6 3. Nc3 Bg7 4. e4 d6 5. f3 Nbd7 6. Be3 c6 7. Qd2 h5 8. O-O-O e5 9. c5 exd4 10. Bxd4 dxc5 11. Bxc5 Qa5 12. Bd6 Bf8 13. f4 Bxd6 14. Qxd6 Qc5 15. e5 Qxd6 16. Rxd6 Ng4 17. Nh3 Nc5 18. Be2 Bf5 19. Rhd1 O-O 20. Bxg4 Bxg4 21. R1d2 Ne6 22. Ne2 Bxh3 23. gxh3 Rad8 24. f5 gxf5 25. Ng3 Rxd6 26. exd6 Ng7 27. d7 Rd8 28. Rf2 Rxd7 29. Nxf5 Nxf5 30. Rxf5 Rd5 31. Rf4 f5 32. Rh4 Kg7 33. Rxh5 Kg6 34. Rh8 f4 35. Rf8 Kg5 36. Kc2 a5 37. Rg8+ Kf5 38. h4 Ke4 39. Re8+ Kf3 40. Rh8 Ke2 41. h5 Rc5+ 42. Kb3 f3 43. Re8+ Kf1 44. h6 Rh5 45. Rf8 f2 46. Rf6 Kg1 47. Rg6+ Kxh2 48. Rf6 Kg2 49. Rg6+ Kf1 50. Kc2 Ke2 51. Re6+ Kf3 52. Rf6+ Ke3 53. b3 Rxh6 54. Rxh6 f1=Q 55. Rh2 Qf5+ 56. Kc1 Qc5+ 57. Kb1 Qf5+ 58. Kc1 Kd4 59. Rd2+ Kc3 60. Re2 Qf1+ 61. Re1 Qxe1# 0-1

[Event "1st FIDE OWCCCC Pools-East 2021"]
[Site "Online"]
[Date "2021.02.19"]
[Round "2.31"]
[White "Artemieva, Elena"]
[Black "Dzwonkowski, Adam"]
[Result "1/2-1/2"]
[WhiteElo "1295"]
[BlackElo "2009"]
[Annotator "NA"]
[PlyCount "68"]
[EventDate "2021.02.19"]
[EventType "team-tourn"]
[EventCountry "NET"]
[SourceTitle "playchess.com"]
[Source "ChessBase"]
[SourceQuality "1"]

1. d4 d5 2. Nf3 Nf6 3. g3 e6 4. Bg2 c6 5. O-O Nbd7 6. c4 Be7 7. Nc3 O-O 8. c5 Re8 9. b4 a6 10. a4 Bf8 11. Bb2 e5 12. dxe5 Nxe5 13. Nxe5 Rxe5 14. e3 Bf5 15. Nb5 Re7 16. Nd6 Be4 17. Nxe4 Nxe4 18. b5 axb5 19. axb5 Rxa1 20. Qxa1 Qd7 21. bxc6 bxc6 22. Bd4 Re8 23. Bxe4 Rxe4 24. Qa6 Re8 25. Rb1 h6 26. Rb7 Qe6 27. Rc7 Qe4 28. Qb7 Qf5 29. Rxc6 h5 30. Qc7 Qb1+ 31. Kg2 Qe4+ 32. Kg1 Qb1+ 33. Kg2 Qe4+ 34. Kg1 Qb1+ 1/2-1/2

[Event "1st FIDE OWCCCC Pools-East 2021"]
[Site "Online"]
[Date "2021.02.19"]
[Round "2.31"]
[White "Cerulik, Lukas"]
[Black "Shishkin, Aleksey A."]
[Result "1-0"]
[WhiteElo "1275"]
[BlackElo "2155"]
[Annotator "TA"]
[PlyCount "47"]
[EventDate "2021.02.19"]
[EventType "team-tourn"]
[EventCountry "NET"]
[SourceTitle "playchess.com"]
[Source "ChessBase"]
[SourceQuality "1"]

1. d4 c5 2. e3 cxd4 3. exd4 d5 4. Bf4 Nf6 5. c3 Bf5 6. Bd3 Bxd3 7. Qxd3 e6 8. Qb5+ Qd7 9. Qb3 Be7 10. Nf3 O-O 11. Ne5 Qc8 12. Nd2 Nbd7 13. h4 Nxe5 14. Bxe5 Nd7 15. Nf3 Bf6 16. h5 Bxe5 17. dxe5 b6 18. Qc2 Qc7 19. O-O-O Nxe5 20. Ng5 g6 21. hxg6 hxg6 22. Rh7 Qe7 23. f4 Qf6 24. g3 1-0

[Event "1st FIDE OWCCCC Pools-East 2021"]
[Site "Online"]
[Date "2021.02.19"]
[Round "2.32"]
[White "Moaataz, Ayah"]
[Black "Sikorska, Nataliia"]
[Result "1-0"]
[WhiteElo "2028"]
[BlackElo "1409"]
[Annotator "NA"]
[PlyCount "33"]
[EventDate "2021.02.19"]
[EventType "team-tourn"]
[EventCountry "NET"]
[SourceTitle "playchess.com"]
[Source "ChessBase"]
[SourceQuality "1"]

1. c4 c5 2. g3 Nc6 3. Bg2 g6 4. Nc3 Bg7 5. d3 Nf6 6. e4 O-O 7. Nge2 d6 8. h3 a6 9. O-O Rb8 10. a4 Bd7 11. Be3 Qc8 12. Kh2 Qc7 13. Rc1 Na7 14. d4 cxd4 15. Bxd4 Nc6 16. Nd5 Qa5 17. Bb6 1-0

[Event "1st FIDE OWCCCC Pools-East 2021"]
[Site "Online"]
[Date "2021.02.19"]
[Round "2.32"]
[White "Serefidou, Despina"]
[Black "Nikolaeva, Daria S."]
[Result "1-0"]
[WhiteElo "1933"]
[BlackElo "1199"]
[Annotator "NA"]
[PlyCount "125"]
[EventDate "2021.02.19"]
[EventType "team-tourn"]
[EventCountry "NET"]
[SourceTitle "playchess.com"]
[Source "ChessBase"]
[SourceQuality "1"]

1. e4 c5 2. Nf3 Nc6 3. d4 cxd4 4. Nxd4 d6 5. Nc3 Nf6 6. Bg5 Bg4 7. f3 Bd7 8. Qd2 g6 9. Bxf6 exf6 10. Ndb5 Be6 11. O-O-O a6 12. Nxd6+ Bxd6 13. Qxd6 Qxd6 14. Rxd6 Ke7 15. Rd1 Rhd8 16. Bd3 Nb4 17. a3 Nxd3+ 18. Rxd3 Rxd3 19. cxd3 Rd8 20. Kc2 f5 21. Rd1 fxe4 22. fxe4 a5 23. d4 Bg4 24. Rd2 Rc8 25. h3 Be6 26. d5 Bd7 27. Kd3 b5 28. Ne2 b4 29. axb4 axb4 30. Nd4 Kd6 31. Rf2 Ke7 32. e5 h5 33. d6+ Ke8 34. Rc2 Rxc2 35. Kxc2 Ba4+ 36. b3 Bd7 37. Kd3 Kf8 38. Kc4 Bc8 39. Kxb4 Bb7 40. g3 Ke8 41. Kc5 g5 42. h4 gxh4 43. gxh4 Kd7 44. b4 Bg2 45. b5 Kc8 46. e6 fxe6 47. Nxe6 Kd7 48. Nf4 Bf3 49. Nd5 Bxd5 50. Kxd5 Kd8 51. Kc6 Kc8 52. d7+ Kd8 53. b6 Ke7 54. Kc7 Ke6 55. d8=Q Ke5 56. Qd6+ Ke4 57. b7 Ke3 58. b8=Q Ke2 59. Qe8+ Kf2 60. Qf4+ Kg2 61. Qg6+ Kh3 62. Qf3+ Kxh4 63. Qgg3# 1-0

[Event "1st FIDE OWCCCC Pools-East 2021"]
[Site "Online"]
[Date "2021.02.19"]
[Round "2.32"]
[White "Vosloo, Cicel Johannes"]
[Black "Hande, Namita"]
[Result "1-0"]
[WhiteElo "1597"]
[BlackElo "732"]
[Annotator "NA"]
[PlyCount "115"]
[EventDate "2021.02.19"]
[EventType "team-tourn"]
[EventCountry "NET"]
[SourceTitle "playchess.com"]
[Source "ChessBase"]
[SourceQuality "1"]

1. e4 e5 2. Nf3 d6 3. d4 exd4 4. Nxd4 h5 5. Nc3 Bg4 6. Be2 Nf6 7. h3 Bxe2 8. Qxe2 Nc6 9. Qb5 a6 10. Nxc6 axb5 11. Nxd8 Kxd8 12. Bg5 Be7 13. f3 c5 14. Nxb5 Ra5 15. a4 Nd7 16. Bxe7+ Kxe7 17. O-O Rha8 18. b3 Ne5 19. Rad1 Rd8 20. Rd5 Kf6 21. Rxd6+ Rxd6 22. Nxd6 Ke6 23. Nxb7 Ra7 24. Nxc5+ Kd6 25. Nd3 Nxd3 26. cxd3 Rb7 27. Rb1 Kc5 28. Kf2 Kd4 29. Ke2 f6 30. Kd2 g5 31. g3 Ke5 32. a5 Kd6 33. a6 Ra7 34. Ra1 Kc5 35. Ra4 Kb5 36. d4 Rxa6 37. Rxa6 Kxa6 38. Kc3 Kb5 39. b4 Kc6 40. Kc4 f5 41. exf5 Kd6 42. f6 Ke6 43. f7 Kxf7 44. Kc5 Ke6 45. Kc6 Kf5 46. d5 Ke5 47. d6 Ke6 48. d7 Ke7 49. Kc7 h4 50. gxh4 gxh4 51. d8=Q+ Kf7 52. Qd6 Ke8 53. b5 Kf7 54. b6 Ke8 55. b7 Kf7 56. b8=Q Kg7 57. Qbf8+ Kh7 58. Qdh6# 1-0

[Event "1st FIDE OWCCCC Pools-East 2021"]
[Site "Online"]
[Date "2021.02.19"]
[Round "2.32"]
[White "Dutertre, Charles"]
[Black "Mordvin, Yuriy"]
[Result "0-1"]
[WhiteElo "1300"]
[BlackElo "2089"]
[Annotator "NA"]
[PlyCount "52"]
[EventDate "2021.02.19"]
[EventType "team-tourn"]
[EventCountry "NET"]
[SourceTitle "playchess.com"]
[Source "ChessBase"]
[SourceQuality "1"]

1. e4 e6 2. d4 d5 3. exd5 exd5 4. Nc3 c6 5. Bd3 Bd6 6. Nf3 Ne7 7. O-O O-O 8. a3 Bf5 9. Be2 Nd7 10. Re1 Qc7 11. Nh4 Bxh2+ 12. Kf1 Bd6 13. Nxf5 Nxf5 14. Bg4 Ne7 15. Qe2 Nf6 16. Bg5 Nxg4 17. Bxe7 Bxe7 18. Qxe7 Qh2 19. f3 Rae8 20. Qxe8 Qh1+ 21. Ke2 Rxe8+ 22. Kd2 Qxg2+ 23. Re2 Rxe2+ 24. Nxe2 Qxf3 25. Re1 Qe3+ 26. Kd1 Nf2# 0-1

[Event "1st FIDE OWCCCC Pools-East 2021"]
[Site "Online"]
[Date "2021.02.19"]
[Round "2.32"]
[White "MartinC"]
[Black "Goldberg, Ilya"]
[Result "1-0"]
[WhiteElo "1200"]
[BlackElo "892"]
[Annotator "NA"]
[PlyCount "87"]
[EventDate "2021.02.19"]
[EventType "team-tourn"]
[EventCountry "NET"]
[SourceTitle "playchess.com"]
[Source "ChessBase"]
[SourceQuality "1"]

1. d4 Nc6 2. e3 e5 3. Nf3 Qf6 4. Bb5 a6 5. Bxc6 dxc6 6. dxe5 Qg6 7. g3 Bg4 8. h3 Bxf3 9. Qxf3 Qxc2 10. Bd2 Qxb2 11. Bc3 Qc1+ 12. Qd1 Qxd1+ 13. Kxd1 O-O-O+ 14. Ke2 Nh6 15. Nd2 c5 16. Rad1 c4 17. Nxc4 Re8 18. g4 b5 19. Na5 Rxe5 20. Bxe5 Bb4 21. Nc6 Bc5 22. Bxg7 Re8 23. Bxh6 Re6 24. Rd3 Rxc6 25. Bf4 f6 26. Rhd1 f5 27. gxf5 Rf6 28. Rd7 Bb6 29. Rxh7 Rxf5 30. h4 Rc5 31. h5 Rc2+ 32. Rd2 Rc1 33. h6 Ba5 34. Rd1 Rc2+ 35. Kf3 Bc3 36. Rxc7+ Kb8 37. Rxc3+ Kb7 38. Rxc2 b4 39. h7 a5 40. h8=Q a4 41. Rc7+ Kb6 42. Qh6+ Kb5 43. Qc6+ Ka5 44. Ra7# 1-0

[Event "1st FIDE OWCCCC Pools-East 2021"]
[Site "Online"]
[Date "2021.02.19"]
[Round "2.33"]
[White "Zakharov, Alexander S."]
[Black "Garcia Lopez, Nicolas"]
[Result "1-0"]
[WhiteElo "2428"]
[BlackElo "2039"]
[Annotator "ChessBase"]
[PlyCount "81"]
[EventDate "2021.02.19"]
[EventType "team-tourn"]
[EventCountry "NET"]
[SourceTitle "playchess.com"]
[Source "ChessBase"]
[SourceQuality "1"]

1. e4 Nf6 2. e5 Ng8 3. d4 d6 4. Bd3 d5 5. c3 h5 6. h3 h4 7. Nf3 e6 8. Bg5 Be7 9. Bxe7 Nxe7 10. Nbd2 b6 11. b4 Nd7 12. O-O c5 13. bxc5 bxc5 14. Qa4 c4 15. Bc2 Kf8 16. Rab1 Nb6 17. Qa5 Bd7 18. Rb2 Nc6 19. Qc5+ Qe7 20. Rfb1 Be8 21. Rb5 f6 22. exf6 gxf6 23. Re1 Qxc5 24. dxc5 Nc8 25. Rb7 Nd8 26. Rc7 Ne7 27. Nd4 e5 28. Nf5 Nec6 29. Ba4 Ne6 30. Rxc6 Bxc6 31. Bxc6 Nxc5 32. Bxa8 Nd3 33. Rb1 d4 34. Bd5 Ke8 35. Be6 Kd8 36. Rb8+ Kc7 37. Rxh8 dxc3 38. Rc8+ Kb6 39. Rxc4 cxd2 40. Ne3 Nb2 41. Rb4+ 1-0

[Event "1st FIDE OWCCCC Pools-East 2021"]
[Site "Online"]
[Date "2021.02.19"]
[Round "2.33"]
[White "Krejci, Martin"]
[Black "Cs, Rajesh"]
[Result "1-0"]
[WhiteElo "2074"]
[BlackElo "2096"]
[Annotator "NA"]
[PlyCount "131"]
[EventDate "2021.02.19"]
[EventType "team-tourn"]
[EventCountry "NET"]
[SourceTitle "playchess.com"]
[Source "ChessBase"]
[SourceQuality "1"]

1. e4 c5 2. c3 d5 3. exd5 Qxd5 4. d4 Nf6 5. Nf3 Nc6 6. Be2 e6 7. O-O Be7 8. Na3 a6 9. Qa4 O-O 10. Qc4 cxd4 11. cxd4 b5 12. Qxd5 Nxd5 13. Nc2 Bb7 14. Be3 Rfd8 15. a4 b4 16. Rfd1 Na5 17. Ne5 Rac8 18. Ne1 Nb3 19. Rab1 Nxe3 20. fxe3 f6 21. N5d3 Be4 22. Bf3 Bxf3 23. gxf3 Na5 24. Rbc1 Nb3 25. Rb1 Kf7 26. Nc1 Na5 27. Ncd3 Nc4 28. Kf2 Nb6 29. b3 Nd5 30. Rdc1 Nc3 31. Rb2 a5 32. Rbc2 Bd6 33. Ng2 g5 34. h3 h5 35. Nb2 Rd7 36. Nc4 Bc7 37. Rxc3 bxc3 38. Rxc3 Ke7 39. Ne1 Bd8 40. Nd3 Rb7 41. Nc5 Rbb8 42. Ke2 Bb6 43. Nd3 Bd8 44. Nc5 Rc6 45. Kd3 Ra6 46. Nxa6 Rc8 47. Nc5 Rb8 48. e4 Bc7 49. Na6 Rb7 50. Nxc7 Rxc7 51. Nxa5 Rb7 52. Nc4 f5 53. a5 g4 54. fxg4 fxg4 55. hxg4 hxg4 56. Ke2 Kf6 57. Kf2 Kg5 58. Kg3 Rh7 59. Rc2 Rh3+ 60. Kg2 Rxb3 61. a6 Rb4 62. Rc3 Ra4 63. Ra3 Rxc4 64. a7 Rc2+ 65. Kg3 Rc3+ 66. Rxc3 1-0

[Event "1st FIDE OWCCCC Pools-East 2021"]
[Site "Online"]
[Date "2021.02.19"]
[Round "2.33"]
[White "Gupta, Shruti"]
[Black "Iljushin, Alexei"]
[Result "0-1"]
[WhiteElo "732"]
[BlackElo "2461"]
[Annotator "ChessBase"]
[PlyCount "78"]
[EventDate "2021.02.19"]
[EventType "team-tourn"]
[EventCountry "NET"]
[SourceTitle "playchess.com"]
[Source "ChessBase"]
[SourceQuality "1"]

1. Nf3 d5 2. d4 c6 3. Nc3 Nf6 4. e3 Bf5 5. Ne5 Nbd7 6. g3 e6 7. Bd3 Bb4 8. a3 Bxc3+ 9. bxc3 O-O 10. g4 Be4 11. Bxe4 Nxe4 12. h3 Nxe5 13. dxe5 Qh4 14. Rf1 f5 15. Qf3 fxg4 16. Qxg4 Qxg4 17. hxg4 Rf3 18. a4 Raf8 19. Ba3 R8f7 20. O-O-O Nxf2 21. Rxf2 Rxf2 22. Kb2 Re2 23. e4 Rxe4 24. Rc1 Rxg4 25. Bc5 b6 26. Be3 Rxa4 27. Ra1 Rxa1 28. Kxa1 h5 29. c4 h4 30. Bf4 Rxf4 31. cxd5 cxd5 32. c3 h3 33. c4 Rxc4 34. Kb1 h2 35. Kb2 h1=Q 36. Kb3 Qf3+ 37. Kb2 Qc3+ 38. Ka2 Ra4+ 39. Kb1 Ra1# 0-1

[Event "1st FIDE OWCCCC Pools-East 2021"]
[Site "Online"]
[Date "2021.02.19"]
[Round "2.34"]
[White "Pugazhendhi, Praveenkumar"]
[Black "Hansen, Martin Hoj"]
[Result "1-0"]
[WhiteElo "1817"]
[BlackElo "1861"]
[Annotator "NA"]
[PlyCount "51"]
[EventDate "2021.02.19"]
[EventType "team-tourn"]
[EventCountry "NET"]
[SourceTitle "playchess.com"]
[Source "ChessBase"]
[SourceQuality "1"]

1. d4 f5 2. c4 Nf6 3. Nc3 e6 4. Nf3 b6 5. Bg5 Be7 6. e3 Bb7 7. Be2 O-O 8. h3 d6 9. a3 Ne4 10. Bxe7 Qxe7 11. Nxe4 Bxe4 12. O-O Nd7 13. Rc1 f4 14. Nd2 Bb7 15. Bf3 Bxf3 16. Nxf3 fxe3 17. fxe3 Rf5 18. Rc2 Raf8 19. Rcf2 Qf6 20. Kh2 e5 21. g4 Rxf3 22. Rxf3 Qe6 23. Rxf8+ Nxf8 24. Qf3 Ng6 25. Qa8+ Nf8 26. Qxf8# 1-0

[Event "1st FIDE OWCCCC Pools-East 2021"]
[Site "Online"]
[Date "2021.02.19"]
[Round "2.34"]
[White "Iyer, Siddharth"]
[Black "Yerbolat, Yerzhan"]
[Result "1/2-1/2"]
[WhiteElo "1200"]
[BlackElo "1461"]
[Annotator "NA"]
[PlyCount "143"]
[EventDate "2021.02.19"]
[EventType "team-tourn"]
[EventCountry "NET"]
[SourceTitle "playchess.com"]
[Source "ChessBase"]
[SourceQuality "1"]

1. e4 c5 2. c3 Nc6 3. d4 cxd4 4. cxd4 d5 5. exd5 Qxd5 6. Nf3 Bg4 7. Be2 Nf6 8. Be3 e6 9. Nc3 Bb4 10. O-O Bxc3 11. bxc3 O-O 12. c4 Qh5 13. h3 Bxf3 14. Bxf3 Qg6 15. Qb3 Rad8 16. Rfd1 Na5 17. Qb5 b6 18. d5 exd5 19. cxd5 Nb7 20. Qa6 Nd6 21. Qxa7 Nf5 22. Bxb6 Rd7 23. Qa3 Nh4 24. Kh1 Nxf3 25. Qxf3 Nxd5 26. Rxd5 Rxd5 27. Qxd5 Qxb6 28. Qf3 Qb2 29. Rd1 Qxa2 30. Rd7 Qb1+ 31. Kh2 Qb8+ 32. g3 Qb5 33. Rd5 Qf1 34. Rd7 Qb5 35. Rd5 Qc6 36. Qd3 Qf6 37. Rf5 Qg6 38. Qf3 h6 39. Rf4 Rd8 40. Rg4 Qb6 41. Rf4 Qe6 42. Re4 Qg6 43. Rf4 Rd3 44. Qa8+ Kh7 45. Qb7 f6 46. Qb5 Rd1 47. Rf5 Rd2 48. Qa5 Re2 49. Qb5 Ra2 50. Qd5 Ra1 51. h4 Qe8 52. Qd3 Kh8 53. Rd5 Ra8 54. Kg2 Qc6 55. Kh2 Rf8 56. Rd8 Qc5 57. Rxf8+ Qxf8 58. Qg6 Qc5 59. Qe8+ Kh7 60. Qe4+ f5 61. Qf3 Kg6 62. h5+ Kh7 63. Kg2 Qe5 64. Kg1 Qf6 65. Kg2 Qg5 66. Kh2 Qf6 67. Kg2 Qe6 68. Kg1 Qe1+ 69. Kh2 Qe6 70. Kg1 Qe1+ 71. Kh2 Qe6 72. Kg1 1/2-1/2

[Event "1st FIDE OWCCCC Pools-East 2021"]
[Site "Online"]
[Date "2021.02.19"]
[Round "2.35"]
[White "Madsen, Per"]
[Black "Ramesh, Shanmugasundaram"]
[Result "0-1"]
[WhiteElo "1676"]
[BlackElo "1970"]
[Annotator "NA"]
[PlyCount "48"]
[EventDate "2021.02.19"]
[EventType "team-tourn"]
[EventCountry "NET"]
[SourceTitle "playchess.com"]
[Source "ChessBase"]
[SourceQuality "1"]

1. c4 e5 2. g3 g6 3. Bg2 Bg7 4. Nc3 f5 5. d3 Nf6 6. e3 O-O 7. Nge2 d6 8. O-O Nc6 9. a3 h6 10. b4 g5 11. h3 Ne7 12. Bd2 Qe8 13. f4 Ng6 14. Rc1 Rb8 15. Nd5 Nxd5 16. Bxd5+ Be6 17. Bg2 c6 18. e4 fxe4 19. dxe4 exf4 20. Rf3 g4 21. hxg4 Bxg4 22. Rf2 f3 23. Qe1 fxg2 24. Kxg2 Qxe4+ 0-1

[Event "1st FIDE OWCCCC Pools-East 2021"]
[Site "Online"]
[Date "2021.02.19"]
[Round "2.36"]
[White "Iljushina, Olga"]
[Black "Anand, Ashish"]
[Result "1-0"]
[WhiteElo "2132"]
[BlackElo "1898"]
[Annotator "NA"]
[PlyCount "77"]
[EventDate "2021.02.19"]
[EventType "team-tourn"]
[EventCountry "NET"]
[SourceTitle "playchess.com"]
[Source "ChessBase"]
[SourceQuality "1"]

1. d4 Nf6 2. c4 e5 3. dxe5 Ng4 4. Bf4 Nc6 5. Nf3 Bb4+ 6. Nbd2 Qe7 7. a3 Ngxe5 8. Nxe5 Nxe5 9. e3 Bxd2+ 10. Qxd2 O-O 11. Be2 d6 12. O-O b6 13. e4 a5 14. a4 Bb7 15. f3 Ba6 16. b3 Rfd8 17. Rae1 h6 18. Bg3 Nd7 19. Bd3 Nc5 20. Bc2 Nd7 21. f4 Bb7 22. Qf2 f6 23. Bb1 Nb8 24. Qc2 Rf8 25. Bh4 Qd7 26. e5 f5 27. e6 Qe8 28. Re3 Nc6 29. e7 Rf7 30. Rfe1 Nb4 31. Qc3 Rc8 32. Rg3 Qc6 33. Bxf5 Re8 34. Be6 g5 35. fxg5 Qc5+ 36. Kh1 h5 37. g6 Bxg2+ 38. Rxg2 Na2 39. Bxf7# 1-0

[Event "1st FIDE OWCCCC Pools-East 2021"]
[Site "Online"]
[Date "2021.02.19"]
[Round "2.36"]
[White "Palaniappan, Saraswathi"]
[Black "Buzak, Karolina"]
[Result "1/2-1/2"]
[WhiteElo "1586"]
[BlackElo "1292"]
[Annotator "NA"]
[PlyCount "136"]
[EventDate "2021.02.19"]
[EventType "team-tourn"]
[EventCountry "NET"]
[SourceTitle "playchess.com"]
[Source "ChessBase"]
[SourceQuality "1"]

1. d4 d5 2. Nf3 Nc6 3. Bf4 Bg4 4. e3 Nf6 5. h3 Bxf3 6. Qxf3 e6 7. Nd2 Bd6 8. Bb5 Qd7 9. c4 Bxf4 10. Qxf4 a6 11. Bxc6 Qxc6 12. c5 Qb5 13. b3 c6 14. Qf3 O-O 15. Qe2 Qxe2+ 16. Kxe2 Ne4 17. Nxe4 dxe4 18. f3 f5 19. fxe4 fxe4 20. Rhf1 Rad8 21. Rxf8+ Rxf8 22. Rf1 g5 23. Rxf8+ Kxf8 24. Kf2 Kf7 25. Kg3 Kf6 26. Kg4 Kg6 27. h4 h5+ 28. Kh3 g4+ 29. Kg3 Kf5 30. b4 e5 31. dxe5 Kxe5 32. a3 Kd5 33. Kf4 Kc4 34. Kxe4 Kb3 35. Kd4 Kxa3 36. Kc3 Ka4 37. e4 a5 38. bxa5 Kxa5 39. Kc4 b5+ 40. cxb6 Kxb6 41. e5 Kc7 42. g3 Kd7 43. Kd4 Ke6 44. Ke4 Kf7 45. Kd4 Ke6 46. Ke4 c5 47. Kf4 c4 48. Ke4 c3 49. Kd3 Kxe5 50. Kxc3 Ke4 51. Kd2 Kf3 52. Ke1 Kxg3 53. Kf1 Kxh4 54. Kg2 g3 55. Kh1 Kg4 56. Kg2 h4 57. Kg1 h3 58. Kh1 g2+ 59. Kg1 Kh4 60. Kh2 Kg4 61. Kg1 Kf3 62. Kh2 g1=Q+ 63. Kxg1 Kg3 64. Kh1 Kg4 65. Kh2 Kh4 66. Kh1 Kg3 67. Kg1 h2+ 68. Kh1 Kh3 1/2-1/2

[Event "1st FIDE OWCCCC Pools-East 2021"]
[Site "Online"]
[Date "2021.02.19"]
[Round "2.37"]
[White "B K, Kumara keshav"]
[Black "Purton, Ben J"]
[Result "0-1"]
[WhiteElo "1948"]
[BlackElo "2154"]
[Annotator "NA"]
[PlyCount "106"]
[EventDate "2021.02.19"]
[EventType "team-tourn"]
[EventCountry "NET"]
[SourceTitle "playchess.com"]
[Source "ChessBase"]
[SourceQuality "1"]

1. c4 c5 2. g3 Nf6 3. Bg2 Nc6 4. d3 d5 5. cxd5 Nxd5 6. Nc3 Nxc3 7. bxc3 g6 8. Nf3 Bg7 9. Bd2 O-O 10. Rb1 Qa5 11. Qc2 Qc7 12. O-O e5 13. Be3 b6 14. d4 Bf5 15. Qa4 Bxb1 16. Rxb1 exd4 17. cxd4 cxd4 18. Nxd4 Nxd4 19. Bxd4 Rad8 20. Be3 Rfe8 21. Rc1 Qe7 22. Bc6 Rf8 23. Bf3 h6 24. Bf4 Rc8 25. Rxc8 Rxc8 26. Qa6 Rd8 27. a4 g5 28. Be3 Qd7 29. Qc4 Rc8 30. Qe4 Re8 31. Qc4 Rd8 32. Bh5 Qd1+ 33. Kg2 Qd5+ 34. Qxd5 Rxd5 35. Bf3 Rd1 36. Bc6 Bd4 37. Kf3 Kf8 38. Ke4 Bxe3 39. Kxe3 Ke7 40. Ke4 Ke6 41. e3 f5+ 42. Kf3 Rc1 43. Bb5 g4+ 44. Kf4 Rc2 45. f3 Rf2 46. Bc4+ Kf6 47. Bd5 gxf3 48. h4 a6 49. Bxf3 b5 50. axb5 axb5 51. e4 b4 52. e5+ Ke6 53. Ke3 Rxf3+ 0-1

[Event "1st FIDE OWCCCC Pools-East 2021"]
[Site "Online"]
[Date "2021.02.19"]
[Round "2.37"]
[White "Sanchit Gupta"]
[Black "Bryushinin, Aleksander"]
[Result "*"]
[WhiteElo "1469"]
[BlackElo "1612"]
[Annotator "NA RC"]
[PlyCount "40"]
[EventDate "2021.02.19"]
[EventType "team-tourn"]
[EventCountry "NET"]
[SourceTitle "playchess.com"]
[Source "ChessBase"]
[SourceQuality "1"]

1. e4 c5 2. Nf3 e6 3. d4 cxd4 4. Nxd4 a6 5. Bd3 Nc6 6. Nxc6 dxc6 7. O-O e5 8. Nd2 Nf6 9. h3 Qc7 10. Nf3 h6 11. Re1 Be6 12. a3 c5 13. Bf1 Rd8 14. Qe2 Bd6 15. Be3 Qc6 16. Nd2 Nxe4 17. Nxe4 Qxe4 18. Rad1 Qc6 19. Rd2 O-O 20. Red1 Be7 *

[Event "1st FIDE OWCCCC Pools-East 2021"]
[Site "Online"]
[Date "2021.02.19"]
[Round "2.37"]
[White "Wadhwa, Pankaj"]
[Black "Anuja, Bombatkar"]
[Result "0-1"]
[WhiteElo "1254"]
[BlackElo "1870"]
[Annotator "NA"]
[PlyCount "68"]
[EventDate "2021.02.19"]
[EventType "team-tourn"]
[EventCountry "NET"]
[SourceTitle "playchess.com"]
[Source "ChessBase"]
[SourceQuality "1"]

1. e4 e6 2. a3 d5 3. exd5 exd5 4. Nf3 Nf6 5. c4 Bd6 6. Qb3 dxc4 7. Bxc4 Qe7+ 8. Be2 O-O 9. Nc3 c5 10. O-O Nc6 11. Qa2 Nd4 12. Bd1 Be6 13. Qb1 Bf5 14. d3 a6 15. Nxd4 cxd4 16. Ne2 Ng4 17. Ng3 Qh4 18. h3 Bxg3 19. fxg3 Qxg3 20. Bxg4 Bxd3 21. Rf3 Qe1+ 22. Kh2 Bxb1 23. Rxb1 f5 24. Bxf5 Rxf5 25. Rxf5 Qe4 26. Rg5 Qxb1 27. Bf4 Re8 28. Rg3 d3 29. Bh6 g6 30. b3 Qxb3 31. h4 Qd5 32. Bd2 Re2 33. Bb4 d2 34. Rc3 Qxg2# 0-1

[Event "1st FIDE OWCCCC Pools-East 2021"]
[Site "Online"]
[Date "2021.02.19"]
[Round "2.38"]
[White "Pandey Shourya"]
[Black "Isakov, Andrey"]
[Result "1-0"]
[WhiteElo "1585"]
[BlackElo "2183"]
[Annotator "NA"]
[PlyCount "101"]
[EventDate "2021.02.19"]
[EventType "team-tourn"]
[EventCountry "NET"]
[SourceTitle "playchess.com"]
[Source "ChessBase"]
[SourceQuality "1"]

1. Nf3 d5 2. d4 Nf6 3. c4 c6 4. Nc3 a6 5. cxd5 Nxd5 6. e4 Nf6 7. Bd3 Bg4 8. Be3 e6 9. O-O Be7 10. Be2 O-O 11. Qc2 Nbd7 12. Rad1 Qc7 13. e5 Nd5 14. Nxd5 exd5 15. Ng5 Bxg5 16. Bxg4 Bxe3 17. fxe3 Rae8 18. Rf3 Nb6 19. Rdf1 Nc4 20. b3 Na3 21. Qf5 g6 22. Qf6 Qe7 23. e6 Qxf6 24. Rxf6 fxe6 25. Bxe6+ Kg7 26. Rxf8 Rxf8 27. Rxf8 Kxf8 28. Bc8 b6 29. Bxa6 c5 30. Kf2 Ke7 31. Ke2 Nc2 32. Bb7 Kd6 33. Kd2 Na3 34. Ba6 Kc6 35. Bd3 b5 36. dxc5 Kxc5 37. Kc3 b4+ 38. Kd2 Kd6 39. Ke2 Ke5 40. Kf3 d4 41. e4 h5 42. g4 Kf6 43. gxh5 gxh5 44. Kf4 Ke6 45. e5 h4 46. Ke4 h3 47. Kxd4 Ke7 48. Kc5 Ke6 49. Kxb4 Kxe5 50. Kxa3 Kd6 51. Bf5 1-0

[Event "1st FIDE OWCCCC Pools-East 2021"]
[Site "Online"]
[Date "2021.02.19"]
[Round "2.38"]
[White "Rudresh G Naik"]
[Black "Malik, Anjali"]
[Result "0-1"]
[WhiteElo "1425"]
[BlackElo "1346"]
[Annotator "NA"]
[PlyCount "104"]
[EventDate "2021.02.19"]
[EventType "team-tourn"]
[EventCountry "NET"]
[SourceTitle "playchess.com"]
[Source "ChessBase"]
[SourceQuality "1"]

1. d4 e6 2. c4 d5 3. Nc3 c6 4. Nf3 f5 5. cxd5 cxd5 6. g3 Nc6 7. Bg2 Bd6 8. O-O Nf6 9. Nb5 O-O 10. Bg5 a6 11. Bxf6 Rxf6 12. Nc3 Bd7 13. a3 Qe7 14. Rc1 Raf8 15. Qb3 b5 16. e3 Na5 17. Qa2 Rh6 18. Nd2 g5 19. f4 g4 20. Nb3 Nc4 21. Rce1 Qf7 22. Nb1 Qh5 23. Kf2 Qg6 24. Rh1 Rf7 25. N3d2 Nxd2 26. Nxd2 Rf8 27. b4 Kh8 28. Nb3 Rg8 29. Rc1 Qg7 30. Nc5 Bxc5 31. bxc5 Bc6 32. Qd2 Qg6 33. Qa5 Bb7 34. c6 Bc8 35. c7 Qg7 36. Rc2 Qg6 37. Rc6 Rh4 38. Qb6 Qg7 39. gxh4 g3+ 40. Kf1 gxh2 41. Rxh2 Qg3 42. Ke2 Qxh2 43. Kd3 Qxg2 44. Rc2 Qe4+ 45. Kc3 Qxe3+ 46. Kb2 Qxf4 47. Qc5 Qxh4 48. Qe7 Qxe7 49. Rc6 Qh4 50. Kc3 Rg3+ 51. Kb4 Qxd4+ 52. Ka5 Rxa3# 0-1